Loading...
| Literature - World Literature | 0 | 9 | 0 | 3 | 90 | 86 | 129.44 | 0 | 2 |
| Philosophy | 0 | 6 | 1 | 1 | 55 | 64 | 114.17 | 0 | 2 |
| Fine Arts - Painting & Sculpture | 0 | 5 | 0 | 0 | 50 | 60 | 115.40 | 0 | 3 |
| History - American History | 0 | 5 | 2 | 1 | 40 | 94 | 106.20 | 0 | 1 |
| History - European History | 0 | 4 | 0 | 2 | 40 | 110 | 139.75 | 0 | 0 |
| History - World History | 0 | 4 | 1 | 0 | 35 | 107 | 123.00 | 0 | 0 |
| Literature - American Literature | 0 | 5 | 3 | 1 | 35 | 61 | 115.40 | 0 | 1 |
| Social Science | 0 | 3 | 0 | 0 | 30 | 98 | 110.67 | 0 | 1 |
| Fine Arts - Classical Music | 0 | 3 | 0 | 0 | 30 | 115 | 120.33 | 0 | 0 |
| Literature - European Literature | 0 | 4 | 2 | 1 | 30 | 109 | 135.75 | 1 | 1 |
| Other Academic | 0 | 3 | 0 | 0 | 30 | 112 | 135.00 | 0 | 0 |
| Current Events | 0 | 2 | 0 | 0 | 20 | 94 | 105.50 | 0 | 0 |
| Fine Arts - Other Fine Arts | 0 | 2 | 0 | 0 | 20 | 113 | 117.50 | 0 | 0 |
| Literature - British Literature | 0 | 3 | 2 | 0 | 20 | 87 | 109.00 | 0 | 1 |
| Science - Other Science | 0 | 2 | 1 | 0 | 15 | 81 | 98.00 | 0 | 0 |
| Science - Biology | 0 | 1 | 0 | 0 | 10 | 116 | 116.00 | 0 | 0 |
| Science - Chemistry | 0 | 1 | 0 | 0 | 10 | 105 | 105.00 | 0 | 0 |
| Science - Physics | 0 | 1 | 1 | 0 | 5 | 93 | 93.00 | 0 | 0 |
| Religion | 0 | 1 | 2 | 0 | 0 | 90 | 90.00 | 0 | 0 |
| History - Other History | 0 | 1 | 2 | 1 | 0 | 147 | 147.00 | 0 | 0 |